| 000 | 01015nam a22003377a 4500 | ||
|---|---|---|---|
| 001 | 0066081 | ||
| 003 | KOHA_MİRAKIL | ||
| 005 | 20260207004629.0 | ||
| 007 | ta | ||
| 008 | 210614b2005 tu |||gr||||#||||0|tur | | ||
| 020 | _a9755918302 | ||
| 040 |
_aTR-BiSEU _btur _cTR-BiSEU _erda |
||
| 041 | 0 | _atur | |
| 044 | _ctu | ||
| 050 |
_aHD37 _b.U94 2005 |
||
| 100 | 1 | _aUygur, Akyay . | |
| 245 | 1 |
_aYönetim ve organizasyon/ _cAkyay Uygur ; Akyay Uygur, Ramazan Göral. |
|
| 264 | 1 |
_aAnkara : _bNobel Yayınları _c2005 |
|
| 300 | _aVIII, 252 sayfa; 25 cm. | ||
| 336 |
_ametin _btxt _2rdacontent |
||
| 337 |
_aaracısız _bn _2rdamedia |
||
| 338 |
_acilt _bnc _2rdacarrier |
||
| 490 | 1 |
_aNobel yayınları ; _v845. |
|
| 490 | 1 |
_aYüksekokul Ders Kitapları dizi no ; _v5 |
|
| 500 | _aKaynakça var. | ||
| 650 | 0 |
_aYönetim. _93705 |
|
| 650 | 0 |
_aEndüstriyel yönetim. _94784 |
|
| 830 | 1 |
_aNobel yayınları ; _v845. _91490 |
|
| 830 | 1 |
_aYüksekokul Ders Kitapları dizi no ; _v5 _930865 |
|
| 942 |
_2lcc _cBK |
||
| 999 |
_c66498 _d66498 |
||